|
|
|
|
| LEADER |
00000nab a2200000 a 4500 |
| 001 |
vtls000851031 |
| 003 |
SK-MaSNL |
| 005 |
20260304214300.0 |
| 008 |
250429c2003 xo 0 slo |
| 015 |
|
|
|a SNBRB2003/10-28817
|
| 035 |
|
|
|a CLN000202686
|
| 035 |
|
|
|a urn:nbn:sk:snk-ab29th
|
| 035 |
|
|
|a (urnnbn)urn:nbn:sk:snk:ar-a01zzu
|
| 035 |
|
|
|a (uuid)5866ae82-76fb-45c1-99eb-51c0f54969bb
|
| 040 |
|
|
|a SNKBUCL
|b slo
|c SNKBUCL
|e AACR2
|
| 041 |
0 |
|
|a slo
|
| 044 |
|
|
|a xo
|c SK
|
| 080 |
|
|
|a 342
|2 1997
|
| 100 |
1 |
|
|a Dobrovičová, Gabriela,
|d 1958-
|4 aut
|9 8624
|
| 245 |
1 |
0 |
|a Vplyv doktrín Ústavného súdu SR na právne princípy
|c G. Dobrovičová, I. Kanárik
|
| 504 |
|
|
|a Bibliogr. odkazy
|
| 504 |
|
|
|a Res. angl.
|
| 650 |
0 |
7 |
|a doktríny
|2 SNK
|9 542875
|
| 650 |
0 |
7 |
|a ústavné právo
|2 SNKPH
|9 2256
|
| 650 |
0 |
7 |
|a právne princípy
|2 SNK
|9 84225
|
| 655 |
|
7 |
|a články z novín a časopisov
|2 SNK
|9 267496
|
| 700 |
1 |
|
|a Kanárik, Imrich,
|d 1948-
|4 aut
|9 111681
|
| 773 |
0 |
|
|t Právny obzor
|g Roč. 86, č. 2 (2003), s. 255-263
|x 0032-6984
|
| 850 |
|
|
|a Slovenská národná knižnica
|
| 852 |
|
|
|a Slovenská národná knižnica
|
| 954 |
|
|
|a odborná, vedecká literatúra pôvodná (slovenská)
|2 lita
|
| 958 |
|
|
|a article27
|
| 958 |
|
|
|a NB
|
| 958 |
|
|
|a OND
|
| 958 |
|
|
|a EUIPO
|
| 992 |
|
|
|a RBX
|
| 999 |
|
|
|c 3140521
|d 3142451
|